Le Reve du Celte / (Record no. 97755)
[ view plain ]
| 000 -LEADER | |
|---|---|
| campo de control de longitud fija | 01525cam a2200349 i 4500 |
| 003 - IDENTIFICADOR DE NÚMERO DE CONTROL | |
| campo de control | BJBSDDR |
| 005 - FECHA Y HORA DE LA ÚLTIMA TRANSACCIÓN | |
| campo de control | 20230410143219.0 |
| 007 - CAMPO FIJO DE DESCRIPCIÓN FÍSICA--INFORMACIÓN GENERAL | |
| campo de control de longitud fija | ta |
| 008 - DATOS DE LONGITUD FIJA--INFORMACIÓN GENERAL | |
| campo de control de longitud fija | 140815s2011 fr r 000 0 fre d |
| 020 ## - NÚMERO INTERNACIONAL ESTÁNDAR DEL LIBRO | |
| Número Internacional Estándar del Libro | 9782070132898 |
| 040 ## - FUENTE DE CATALOGACIÓN | |
| Lengua de catalogación | spa |
| Centro/agencia transcriptor | BJBSDDR |
| 041 0# - CÓDIGO DE IDIOMA | |
| Código de lengua del texto/banda sonora o título independiente | fre |
| 050 14 - SIGNATURA TOPOGRÁFICA DE LA BIBLIOTECA DEL CONGRESO | |
| Número de clasificación | PQ 8498.32 |
| Número de ítem | V297r 2011 |
| 082 ## - NÚMERO DE LA CLASIFICACIÓN DECIMAL DEWEY | |
| Número de clasificación | 863.64 |
| 100 1# - ENTRADA PRINCIPAL--NOMBRE DE PERSONA | |
| Nombre de persona | Vargas Llosa, Mario, |
| Fechas asociadas al nombre | 1936- |
| 240 33 - TÍTULO UNIFORME | |
| Título uniforme | El sueño del Celta. |
| Lenguaje de la obra | Francés |
| 245 13 - MENCIÓN DEL TÍTULO | |
| Título | Le Reve du Celte / |
| Mención de responsabilidad, etc. | Mario Vargas Llosa ; traduit de l'espagnol (Pérou) par Albert Bensoussan et Anne-Marie Casès. |
| 260 ## - PUBLICACIÓN, DISTRIBUCIÓN, ETC. | |
| Lugar de publicación, distribución, etc. | [France] : |
| Nombre del editor, distribuidor, etc. | Éditions Gallimard, |
| Fecha de publicación, distribución, etc. | 2011 |
| 300 ## - DESCRIPCIÓN FÍSICA | |
| Extensión | 521 p. : |
| Otras características físicas | jaquette ill. ; |
| Dimensiones | 21 cm. |
| 440 ## - MENCIÓN DE SERIE/PUNTO DE ACCESO ADICIONAL--TÍTULO | |
| Título | Du monde entier |
| 520 ## - RESUMEN, ETC. | |
| Sumario, etc. | Le thème central de ce roman, conduit au rythme haletant des expéditions et des rencontres du protagoniste, est la dénonciation de la monstrueuse exploitation de l; homme par l; homme dans les forêts du congo - alors propriété privée du roi Léopold II de Belgique - et dans l' Amazonie péruvienne chasse gardée des comptoirs britanniques. |
| 650 #0 - PUNTO DE ACCESO ADICIONAL DE MATERIA--TÉRMINO DE MATERIA | |
| Término de materia o nombre geográfico como elemento de entrada | Casement, Roger, -- 1864-1916 -- Fiction. |
| 650 #0 - PUNTO DE ACCESO ADICIONAL DE MATERIA--TÉRMINO DE MATERIA | |
| Término de materia o nombre geográfico como elemento de entrada | Spanish fiction -- Translations into French. |
| 650 #0 - PUNTO DE ACCESO ADICIONAL DE MATERIA--TÉRMINO DE MATERIA | |
| Término de materia o nombre geográfico como elemento de entrada | Imperialism -- Fiction. |
| 650 #4 - PUNTO DE ACCESO ADICIONAL DE MATERIA--TÉRMINO DE MATERIA | |
| Término de materia o nombre geográfico como elemento de entrada | Novela peruana |
| 9 (RLIN) | 2356 |
| Subdivisión cronológica | Siglo XXI |
| 650 #4 - PUNTO DE ACCESO ADICIONAL DE MATERIA--TÉRMINO DE MATERIA | |
| Término de materia o nombre geográfico como elemento de entrada | Literatura peruana |
| 9 (RLIN) | 4625 |
| Subdivisión cronológica | Siglo XXI |
| 650 #4 - PUNTO DE ACCESO ADICIONAL DE MATERIA--TÉRMINO DE MATERIA | |
| Término de materia o nombre geográfico como elemento de entrada | Colonialismo |
| 9 (RLIN) | 4626 |
| Subdivisión geográfica | Inglaterra |
| Subdivisión cronológica | Siglo XX |
| Subdivisión de forma | Novela |
| 700 1# - ENTRADA AGREGADA--NOMBRE PERSONAL | |
| Nombre de persona | Bensoussan, Albert, |
| Fechas asociadas al nombre | 1935- |
| Término indicativo de función/relación | traductor |
| 9 (RLIN) | 4627 |
| 700 1# - ENTRADA AGREGADA--NOMBRE PERSONAL | |
| Nombre de persona | Casès, Anne-Marie |
| Término indicativo de función/relación | traductora |
| 9 (RLIN) | 4628 |
| 942 ## - ELEMENTOS DE ENTRADA SECUNDARIOS (KOHA) | |
| Fuente del sistema de clasificación o colocación | Clasificación de Library of Congress |
| Tipo de ítem Koha | Libro |
| 946 ## - PROCESAMIENTO DE INFORMACIÓN LOCAL (OCLC) | |
| a | IMRO |
| Estatus retirado | Estado de pérdida | Estado de daño | No para préstamo | Colección | Biblioteca de origen | Biblioteca actual | Ubicación en estantería | Fecha de adquisición | Signatura topográfica completa | Código de barras | Visto por última vez | Copia número | Tipo de ítem Koha |
|---|---|---|---|---|---|---|---|---|---|---|---|---|---|
| Humanidades | Biblioteca Juan Bosch | Biblioteca Juan Bosch | Humanidades (4to. Piso) | 10/04/2023 | PQ 8498.32 V297r 2011 | 00000103555 | 21/01/2019 | 1 | Libro |
